|
|
|
|
| LEADER |
00877cam a2200253 7i4500 |
| 001 |
0000047786 |
| 005 |
20251021090000.0 |
| 008 |
230328t19941994my # ### #00001may## |
| 020 |
# |
# |
|a 9838786446
|
| 040 |
# |
# |
|a UMT
|b eng
|c UMT
|e rda
|
| 090 |
0 |
0 |
|a QA 39.3
|b .K4 1994
|
| 100 |
1 |
# |
|a Khoo, Cheng
|e author
|
| 245 |
1 |
0 |
|a Matematik tambahan tingkatan 4 & 5
|c Khoo Cheng.
|
| 264 |
# |
1 |
|a Johor:
|b Penerbitan Pelangi Sdn. Bhd,
|c 1994
|
| 264 |
# |
4 |
|c ♭1994
|
| 300 |
# |
# |
|a 252 pages:
|b illustrations;
|c 20 cm.
|
| 336 |
# |
# |
|a text --
|2 rdacontent
|
| 337 |
# |
# |
|a unmediated --
|2 rdamedia
|
| 338 |
# |
# |
|a volume --
|2 rdacarrier
|
| 500 |
# |
# |
|a Koleksi Buku Teks P. Pendidikan (Peruntukan Fakulti)
|
| 504 |
# |
# |
|a Includes bibliographical references and index
|
| 590 |
# |
# |
|a Perpustakaan Sultanah Nur Zahirah
|
| 650 |
# |
1 |
|a Mathematics --
|x Textbooks
|
| 999 |
|
|
|a 1100037816
|b Book
|c Open Shelf
|e KOLEKSI TERBUKA
|